Arabs (Record no. 17954)

MARC details
000 -LEADER
fixed length control field 00555nam a2200241 a 4500
020 ## - INTERNATIONAL STANDARD BOOK NUMBER
ISBN
082 00 - DEWEY DECIMAL CLASSIFICATION NUMBER
Classification number 953
Author Cutter MAN
100 ## - MAIN ENTRY--AUTHOR NAME
Author name Mansfield, Peter
245 ## - TITLE STATEMENT
Title Arabs
260 ## - PUBLICATION, DISTRIBUTION, ETC. (IMPRINT)
Place of publication U K
Name of publisher Penguin
Year of publication 1980
300 ## - PHYSICAL DESCRIPTION
Number of Pages 576p
500 ## - GENERAL NOTE
General note includes index and biblioraphy
505 2# - FORMATTED CONTENTS NOTE
Formatted contents note Foreign Parts 1701-1950
650 ## - SUBJECT ADDED ENTRY--TOPICAL TERM
Topical Term Arabs-History
942 ## - ADDED ENTRY ELEMENTS (KOHA)
Koha item type Books
700 1# -
-- Mansfield, Peter
Holdings
Collection code Home library Current library Date acquired Cost, normal purchase price Full call number Accession Number Koha item type
  Henry Martyn Institute Library Henry Martyn Institute Library 04/02/2007 100.00 953 MAN 11001395 Books
                   Copyright © 2026 | Henry Martyn Institute | Hyderabad | TS-500052 | INDIA | Implemented by hmi.edu.in
Hit-Count:

Powered by Koha